Primary processing: Sawing and peeling of rubberwood (Record no. 48138)

MARC details
000 -LEADER
fixed length control field 01163nam a2200133Ia 4500
100 ## - MAIN ENTRY--AUTHOR NAME
Personal name Ho A S
245 #0 - TITLE STATEMENT
Title Primary processing: Sawing and peeling of rubberwood
260 ## - PUBLICATION, DISTRIBUTION, ETC. (IMPRINT)
Name of publisher Rubberwood Processing and Utilization, Kuala Lumpur, Malaysia, 1994; p61-84
Year of publication 1994
520 ## - SUMMARY, ETC.
Summary, etc The paper presents the structure and components of different types of sawmills, sawing systems and milling operations followed in rubber wood processing. Different saw mills such as Gang saw system, mobile sawing system, mobile circular saw system etc. are discussed. Statistical analysis on the recovery of sawn timber from different clones of different diameter and age group is included and special emphasis also given to the natural defects of rubber wood like knots, warping and tapping panel marks etc. which are influencing the recovery of sawn timber. The procedure of peeling of rubber wood logs which include process like debarking and bucking, log charging, peeling, veneer processing and the problems in peeling of logs is also presented in this paper.
650 ## - SUBJECT ADDED ENTRY--TOPICAL TERM
Topical Term Rubberwood processing
700 ## - ADDED ENTRY--PERSONAL NAME
Personal name Roslan Ali
942 ## - ADDED ENTRY ELEMENTS (KOHA)
Koha item type Bibliography RLWO
Holdings
Withdrawn status Lost status Damaged status Not for loan Home library Current library Date acquired Koha item type
      Bibliography RRII Library RRII Library 31/12/2021 Bibliography RLWO